| 000 | 01539nam a2200409 i 4500 | ||
|---|---|---|---|
| 999 |
_c65696 _d65696 |
||
| 001 | 768714001 | ||
| 003 | CO-MdFUSB | ||
| 005 | 20201009144253.0 | ||
| 007 | ta | ||
| 008 | 810627t2013 enk b 001 0 eng | ||
| 010 | _a74162250 | ||
| 020 | _a0334007399 | ||
| 040 |
_aDLC _cCO-MdFUSB _dm.c. _dCO-MdFUSB _dCAP _dUtOrBLW _bspa _erda |
||
| 041 | 1 |
_aeng _ager |
|
| 082 |
_223 _a222.1206 _bH568 |
||
| 090 | _aBS543.A1 | ||
| 100 | 1 |
_aHerrmann, Siegfried, _d1926-1999. _eautor |
|
| 240 | 1 | 0 | _aIsraels Aufenthalt in Ägypten. |
| 245 | 1 | 0 |
_aIsrael in Egypt _c/ Siegfried Herrmann ; traducido por Margaret Kohl |
| 264 | 1 |
_aLondon : _bS.C.M. Press, _c[2013] |
|
| 264 | 4 | _c© 2013 | |
| 300 |
_a 98 páginas _c; 22 cm. |
||
| 336 |
_atexto _btxt _2rdacontent. |
||
| 337 |
_asin mediación _bn _2rdamedia. |
||
| 338 |
_avolumen _bnc _2rdacarrier. |
||
| 490 | 1 | _aStudies in Biblical theology, 2d ser, | |
| 504 | _aIncluye referencias bibliográfica (páginas 83-91) | ||
| 505 | _aLa evidencia bíblica. -- Los tiempos y sus eventos. -- Israel en Egipto en el marco de la historia mundial. -- El Éxodo y el papel de Moisés. -- La formación de la tradición y sus efectos históricos a largo plazo. -- Encuesta: Evento y efecto. | ||
| 630 | 0 | 7 |
_aBiblia. _pAntiguo Testamento |
| 630 | 7 |
_aBiblia. _pÉxodo _xCrítica, interpretación, etc. |
|
| 830 | 0 |
_aStudies in Biblical theology, 2d ser ; _v27. |
|
| 942 | _cBK | ||
| 945 | _aJTF-925 | ||